[Event "DEN-ch cand"]
[Site "Svendborg"]
[Date "2023.04.05"]
[Round "3"]
[White "Mollasoltani, Aryan"]
[Black "Iskos, Lukas"]
[Result "1/2-1/2"]
[WhiteElo "2008"]
[BlackElo "2013"]
[PlyCount "153"]
[EventDate "2023.04.05"]
[EventType "swiss"]
[EventRounds "7"]
[EventCountry "DEN"]
[SourceTitle "CBM 213 Extra"]
[Source "ChessBase"]
[SourceDate "2023.05.31"]
[SourceVersion "1"]
[SourceVersionDate "2023.05.31"]
[SourceQuality "1"]

1. e4 c6 2. d4 d5 3. e5 Bf5 4. h4 h5 5. Bd3 Bxd3 6. Qxd3 Qa5+ 7. Nd2 e6 8. Ngf3 Qa6 9. c4 Nh6 10. 0-0 Nf5 11. Rd1 Be7 12. g3 Nd7 13. b3 c5 14. dxc5 Bxc5 15. Ne4 Bd4 16. Nxd4 Nxe5 17. Nc5 Nxd3 18. Nxa6 Nxc1 19. Nxf5 Ne2+ 20. Kf1 bxa6 21. Nxg7+ Kf8 22. Nxe6+ fxe6 23. Kxe2 dxc4 24. bxc4 Ke7 25. Rab1 Rab8 26. Rxb8 Rxb8 27. Rd2 Rb4 28. Kd3 e5 29. Rc2 Kd6 30. Ke4 Ke6 31. f4 exf4 32. gxf4 Rb8 33. c5 Rb4+ 34. Kf3 Kf5 35. c6 Rxf4+ 36. Ke3 Re4+ 37. Kd3 Re8 38. c7 Rc8 39. Ke3 Ke5 40. a4 a5 41. Rc3 Kf5 42. Kd4 Ke6 43. Ke4 Kd7 44. Kf5 Rf8+ 45. Kg5 Kc8 46. Rc5 Rh8 47. Kg6 Re8 48. Kxh5 Re4 49. Rxa5 Kxc7 50. Rxa7+ Kb6 51. Ra8 Kb7 52. Ra5 Kb6 53. Rb5+ Kc6 54. Rb1 Rxa4 55. Rd1 Kc7 56. Kg5 Ra5+ 57. Kg6 Ra6+ 58. Kg7 Ra5 59. Kf6 Rh5 60. Rd4 Ra5 61. Kg7 Rc5 62. Kg6 Rc6+ 63. Kg5 Rc5+ 64. Kg4 Rc1 65. h5 Rg1+ 66. Kf5 Rf1+ 67. Kg6 Rg1+ 68. Kh7 Rg2 69. h6 Rg3 70. Rf4 Kd7 71. Rf6 Ke7 72. Rg6 Rf3 73. Kg7 Rf7+ 74. Kg8 Rf8+ 75. Kh7 Rf3 76. Rg7+ Kf8 77. Kg6 1/2-1/2

[Event "DEN-ch cand"]
[Site "Svendborg"]
[Date "2023.04.05"]
[Round "1"]
[White "Ostensen, Nicolai Maxime"]
[Black "Iskos, Lukas"]
[Result "1-0"]
[WhiteElo "2226"]
[BlackElo "2013"]
[PlyCount "149"]
[EventDate "2023.04.05"]
[EventType "swiss"]
[EventRounds "7"]
[EventCountry "DEN"]
[SourceTitle "CBM 213 Extra"]
[Source "ChessBase"]
[SourceDate "2023.05.31"]
[SourceVersion "1"]
[SourceVersionDate "2023.05.31"]
[SourceQuality "1"]

1. c4 e6 2. Nc3 Nf6 3. Nf3 d5 4. e3 Be7 5. b3 0-0 6. Bb2 c5 7. cxd5 Nxd5 8. Be2 Nc6 9. Ne4 f5 10. Ng3 Bf6 11. Bxf6 Qxf6 12. Rc1 b6 13. 0-0 Bb7 14. Bc4 Ne5 15. Nxe5 Qxe5 16. d4 cxd4 17. Qxd4 Qxd4 18. exd4 Nf4 19. Rfe1 Kh8 20. f3 Rad8 21. Rcd1 Rd6 22. Ne2 Nd5 23. Bxd5 Bxd5 24. Rc1 a5 25. Nf4 g5 26. Nxd5 exd5 27. Rc7 h6 28. Ree7 Rfd8 29. Kf2 f4 30. Ke2 Kg8 31. Kd2 Kf8 32. h4 gxh4 33. Rf7+ Kg8 34. Rg7+ Kh8 35. Rh7+ Kg8 36. Rcg7+ Kf8 37. Rg4 R8d7 38. Rxf4+ Ke8 39. Rh8+ Ke7 40. Rxh4 Rg6 41. Rh7+ Kd8 42. Rxd7+ Kxd7 43. Rg4 Re6 44. Rg7+ Kc6 45. a4 Kd6 46. Rf7 h5 47. Rg7 h4 48. Rg5 Kc6 49. Rg4 Rh6 50. Ke3 h3 51. gxh3 Rxh3 52. Rg6+ Kc7 53. Kf4 Rh1 54. Ke5 Rb1 55. Kxd5 Rxb3 56. Rg7+ Kd8 57. f4 b5 58. Kd6 Ke8 59. Re7+ Kf8 60. axb5 Rxb5 61. Ra7 Rb6+ 62. Ke5 Ke8 63. Rxa5 Ke7 64. Ra7+ Ke8 65. d5 Rh6 66. f5 Rb6 67. f6 Rb1 68. Re7+ Kf8 69. Rc7 Ke8 70. f7+ Kf8 71. d6 Re1+ 72. Kd5 Rd1+ 73. Kc6 Rc1+ 74. Kb7 Rd1 75. d7 1-0

[Event "DEN-ch U16 rapid"]
[Site "Odense"]
[Date "2022.09.30"]
[Round "5"]
[White "Andries, Alf"]
[Black "Iskos, Lukas"]
[Result "0-1"]
[WhiteElo "2092"]
[BlackElo "2067"]
[PlyCount "68"]
[EventDate "2022.09.30"]
[EventType "swiss"]
[EventRounds "5"]
[EventCountry "DEN"]
[SourceTitle "EXT 2024"]
[Source "ChessBase"]
[SourceDate "2023.10.10"]
[SourceVersion "1"]
[SourceVersionDate "2023.10.10"]
[SourceQuality "1"]

1. e4 c6 2. d4 d5 3. e5 Bf5 4. Nf3 e6 5. Be2 Nd7 6. 0-0 Ne7 7. Nbd2 h6 8. Nb3 a5 9. a4 g5 10. Ne1 Bg7 11. Bd3 c5 12. Bb5 Nc6 13. dxc5 Ndxe5 14. Nd4 Bg4 15. f3 Bh5 16. Nd3 0-0 17. Bxc6 Nxc6 18. Nxc6 bxc6 19. Qe1 e5 20. Nf2 Bg6 21. c3 Qe7 22. f4 gxf4 23. Bxf4 Qxc5 24. Be3 d4 25. cxd4 exd4 26. Bf4 Qb4 27. Qc1 d3 28. Bxh6 Bxb2 29. Qd1 Rfe8 30. Nxd3 Qd4+ 31. Nf2 Bxa1 32. Qxa1 Qxa1 33. Rxa1 Re2 34. Bf4 Rae8 0-1

[Event "DEN-ch U16 rapid"]
[Site "Odense"]
[Date "2022.09.30"]
[Round "2"]
[White "Iskos, Lukas"]
[Black "Perets, Dmitry"]
[Result "0-1"]
[WhiteElo "2067"]
[BlackElo "1791"]
[PlyCount "64"]
[EventDate "2022.09.30"]
[EventType "swiss"]
[EventRounds "5"]
[EventCountry "DEN"]
[SourceTitle "EXT 2024"]
[Source "ChessBase"]
[SourceDate "2023.10.10"]
[SourceVersion "1"]
[SourceVersionDate "2023.10.10"]
[SourceQuality "1"]

1. d4 c5 2. d5 b5 3. e4 a6 4. a4 b4 5. Nd2 d6 6. g3 Nf6 7. Bg2 Nbd7 8. f4 g6 9. b3 Bg7 10. Bb2 0-0 11. Rb1 a5 12. Nc4 Nb6 13. Nxb6 Qxb6 14. Ne2 Ng4 15. Qd2 c4 16. Bd4 Bxd4 17. Qxd4 Qxd4 18. Nxd4 Bd7 19. Bh3 Rfc8 20. Bxg4 Bxg4 21. f5 cxb3 22. Rxb3 Rc4 23. Rd3 b3 24. Kd2 bxc2 25. h3 Bd1 26. Kc1 Rb8 27. Rb3 Rxb3 28. Nxb3 Rxa4 29. fxg6 hxg6 30. Kd2 Ra3 31. Nc1 Rxg3 32. Ne2 Rg2 0-1

[Event "Norway Chess op-A"]
[Site "Stavanger"]
[Date "2022.06.03"]
[Round "1"]
[White "Iskos, Lukas"]
[Black "Wachinger, Nikolas"]
[Result "0-1"]
[WhiteElo "2074"]
[BlackElo "2422"]
[PlyCount "62"]
[EventDate "2022.06.03"]
[EventType "swiss"]
[EventRounds "9"]
[EventCountry "NOR"]
[SourceTitle "CBM 208 Extra"]
[Source "ChessBase"]
[SourceDate "2022.07.31"]
[SourceVersion "1"]
[SourceVersionDate "2022.07.31"]
[SourceQuality "1"]

1. d4 Nf6 2. Bf4 g6 3. Nc3 d5 4. e3 Bg7 5. h4 h5 6. Nf3 0-0 7. Qd2 c5 8. Be2 cxd4 9. exd4 Nc6 10. Ne5 Bf5 11. f3 Rc8 12. g4 hxg4 13. fxg4 Ne4 14. Qe3 Nxc3 15. bxc3 Be4 16. Rh2 Nxe5 17. Bxe5 Bxe5 18. dxe5 Qc7 19. Rb1 Qxe5 20. Rh3 b6 21. h5 gxh5 22. c4 d4 23. Rb5 Qxb5 24. Qxe4 Qg5 25. Rxh5 Qc1+ 26. Kf2 Qe3+ 27. Qxe3 dxe3+ 28. Kxe3 Rc5 29. Rd5 Rxd5 30. cxd5 Rc8 31. c4 Rc5 0-1

[Event "Koge EMT op 3rd"]
[Site "Koge"]
[Date "2022.04.29"]
[Round "5"]
[White "Iskos, Lukas"]
[Black "Pedersen, Daniel Vesterbaek"]
[Result "1/2-1/2"]
[WhiteElo "2052"]
[BlackElo "2147"]
[PlyCount "104"]
[EventDate "2022.04.29"]
[EventType "swiss"]
[EventRounds "5"]
[EventCountry "DEN"]
[SourceTitle "CBM 208 Extra"]
[Source "ChessBase"]
[SourceDate "2022.07.31"]
[SourceVersion "1"]
[SourceVersionDate "2022.07.31"]
[SourceQuality "1"]

1. d4 Nf6 2. Bf4 c5 3. e3 Nd5 4. dxc5 Nxf4 5. exf4 Qa5+ 6. Nc3 Qxc5 7. Qd5 Qc7 8. Qe4 e6 9. Nf3 Be7 10. 0-0-0 d5 11. Qe5 Qxe5 12. fxe5 a6 13. Nd4 Nc6 14. Nxc6 bxc6 15. Na4 Rb8 16. c4 c5 17. cxd5 exd5 18. Rxd5 Be6 19. Rd3 Bg5+ 20. Kd1 Bxa2 21. Kc2 c4 22. Ra3 Bb3+ 23. Kb1 Be7 24. Ra1 0-0 25. Nc3 Rfd8 26. Be2 Rd2 27. Rxa6 Bb4 28. Bf3 Bc2+ 29. Kc1 Bxc3 30. bxc3 Rxf2 31. Ra8 Rxa8 32. Bxa8 Bd3 33. Re1 Rc2+ 34. Kd1 Rxc3 35. e6 fxe6 36. Rxe6 Ra3 37. Bd5 Kf8 38. Kd2 Ra2+ 39. Kc3 Rc2+ 40. Kd4 Bf1 41. Re3 Rd2+ 42. Ke5 Bxg2 43. Bxc4 Bc6 44. Re2 Rxe2+ 45. Bxe2 Kf7 46. Bd3 h6 47. h4 Bf3 48. Bc2 Bh5 49. Bd3 g5 50. hxg5 hxg5 51. Kf5 Bg6+ 52. Kxg5 Bxd3 1/2-1/2

[Event "DEN-ch cand"]
[Site "Svendborg"]
[Date "2022.04.16"]
[Round "5"]
[White "Iskos, Lukas"]
[Black "Le Besq, Alexander"]
[Result "0-1"]
[WhiteElo "2064"]
[BlackElo "2168"]
[PlyCount "108"]
[EventDate "2022.04.10"]
[EventType "swiss"]
[EventRounds "7"]
[EventCountry "DEN"]
[SourceTitle "CBM 207 Extra"]
[Source "ChessBase"]
[SourceDate "2022.05.31"]
[SourceVersion "1"]
[SourceVersionDate "2022.05.31"]
[SourceQuality "1"]

1. d4 c5 2. d5 e6 3. dxe6 fxe6 4. e4 Nc6 5. Nc3 a6 6. a4 b6 7. Nf3 Nge7 8. e5 Ng6 9. Ne4 Ngxe5 10. Nxe5 Nxe5 11. Qh5+ Nf7 12. Ng5 Qf6 13. Nxh7 Qf5 14. Qxf5 exf5 15. Nxf8 Kxf8 16. Bf4 Bb7 17. Bc7 Re8+ 18. Kd2 Rh6 19. Rd1 Rc6 20. Bg3 d5 21. Bd3 Rf6 22. Rhe1 f4 23. Rxe8+ Kxe8 24. Re1+ Kf8 25. Bh4 g5 26. Bxg5 Nxg5 27. h4 Ne4+ 28. Bxe4 dxe4 29. g4 fxg3 30. fxg3 Rf2+ 31. Re2 Rxe2+ 32. Kxe2 a5 33. b3 c4 34. bxc4 Bc6 35. Ke3 Kf7 36. g4 Kg6 37. c3 Bxa4 38. Kxe4 Bd7 39. Kd4 Bc6 40. c5 b5 41. Kd3 Kf6 42. g5+ Ke5 43. c4 b4 44. h5 Bf3 45. h6 Be4+ 46. Kd2 Bg6 47. Kc1 Ke6 48. Kb2 Kd7 49. Kb3 Kc6 50. Ka4 Bc2+ 51. Kxa5 b3 52. Kb4 b2 53. Kc3 b1Q 54. Kd4 Qg1+ 0-1

[Event "DEN-ch cand"]
[Site "Svendborg"]
[Date "2022.04.13"]
[Round "2"]
[White "Iskos, Lukas"]
[Black "Christensen, Janus"]
[Result "1-0"]
[WhiteElo "2064"]
[BlackElo "2125"]
[PlyCount "35"]
[EventDate "2022.04.10"]
[EventType "swiss"]
[EventRounds "7"]
[EventCountry "DEN"]
[SourceTitle "CBM 207 Extra"]
[Source "ChessBase"]
[SourceDate "2022.05.31"]
[SourceVersion "1"]
[SourceVersionDate "2022.05.31"]
[SourceQuality "1"]

1. d4 Nf6 2. Bf4 e6 3. e3 c5 4. Nd2 Nc6 5. c3 d5 6. Ngf3 Bd6 7. Bg3 0-0 8. Bd3 Re8 9. Ne5 Qc7 10. f4 g6 11. Ndf3 cxd4 12. exd4 Nh5 13. Ng5 Bxe5 14. fxe5 Nxg3 15. hxg3 Nxe5 16. Nxh7 Nd7 17. Qg4 e5 18. Bxg6 1-0

[Event "Copenhagen-ch Bronshoj op"]
[Site "Copenhagen"]
[Date "2022.02.13"]
[Round "4"]
[White "Iskos, Lukas"]
[Black "Thuesen, Mogens Henrik"]
[Result "0-1"]
[WhiteElo "2064"]
[BlackElo "2160"]
[PlyCount "70"]
[EventDate "2022.02.11"]
[EventType "swiss"]
[EventRounds "7"]
[EventCountry "DEN"]
[SourceTitle "EXT 2024"]
[Source "ChessBase"]
[SourceDate "2023.10.10"]
[SourceVersion "1"]
[SourceVersionDate "2023.10.10"]
[SourceQuality "1"]

1. d4 d5 2. Bf4 c5 3. e3 cxd4 4. exd4 Nc6 5. Nf3 Bg4 6. Nbd2 e6 7. c3 Bd6 8. Bg3 Nge7 9. Bd3 Bf5 10. Nb3 0-0 11. 0-0 Bxg3 12. hxg3 Rc8 13. g4 Bxd3 14. Qxd3 Ng6 15. Rae1 Na5 16. Ne5 Nxb3 17. axb3 a5 18. Nxg6 hxg6 19. Qh3 Rc6 20. f4 f5 21. g5 Qb6 22. Kf2 Qxb3 23. Re2 a4 24. Rh1 a3 25. Qh7+ Kf7 26. Rh6 e5 27. fxe5 Re6 28. bxa3 Qxc3 29. Rh4 Ra8 30. Re3 Qb2+ 31. Re2 Qc1 32. Re3 Rc8 33. Kf3 Rc2 34. Rh2 Qf1+ 35. Kg3 f4+ 0-1

[Event "Copenhagen GoAudit op"]
[Site "Copenhagen"]
[Date "2021.11.13"]
[Round "4"]
[White "Iskos, Lukas"]
[Black "Moe, Mogens"]
[Result "0-1"]
[WhiteElo "2034"]
[BlackElo "2150"]
[PlyCount "42"]
[EventDate "2021.11.12"]
[EventType "swiss"]
[EventRounds "7"]
[EventCountry "DEN"]
[SourceTitle "CBM 205 Extra"]
[Source "ChessBase"]
[SourceDate "2022.01.31"]
[SourceVersion "1"]
[SourceVersionDate "2022.01.31"]
[SourceQuality "1"]

1. d4 Nf6 2. Bf4 g6 3. e3 Bg7 4. h4 c5 5. c4 Qb6 6. Nf3 Qxb2 7. Nbd2 Nc6 8. Rb1 Qa3 9. Nb3 d6 10. Be2 Ne4 11. Qc1 Qb4+ 12. Nbd2 Qc3 13. dxc5 Qxc1+ 14. Rxc1 Nxc5 15. Nb3 Na4 16. 0-0 Nc3 17. Rc2 Nb4 18. Rd2 Nbxa2 19. c5 Nxe2+ 20. Rxe2 Nc3 21. Rc2 Bf5 0-1

[Event "DEN-ch U16 rapid"]
[Site "Odense"]
[Date "2021.10.01"]
[Round "5"]
[White "Iskos, Lukas"]
[Black "Loftgaard, Mikkel Vinh"]
[Result "1-0"]
[WhiteElo "1900"]
[BlackElo "2084"]
[PlyCount "123"]
[EventDate "2021.10.01"]
[EventType "swiss"]
[EventRounds "5"]
[EventCountry "DEN"]
[SourceTitle "EXT 2024"]
[Source "ChessBase"]
[SourceDate "2023.10.10"]
[SourceVersion "1"]
[SourceVersionDate "2023.10.10"]
[SourceQuality "1"]

1. d4 d5 2. Bf4 e6 3. e3 c5 4. Nd2 Nc6 5. Ngf3 Bd6 6. Bg3 Nf6 7. c3 0-0 8. Bd3 cxd4 9. exd4 Qc7 10. Qe2 Nd7 11. Ng5 Nf6 12. Ngf3 Nd7 13. Ng5 Nf6 14. Ngf3 h6 15. Ne5 Nd7 16. f4 a6 17. a4 Qb6 18. Ndf3 Be7 19. 0-0 Ndxe5 20. fxe5 Bd7 21. Bc2 Rac8 22. Qd3 g6 23. Qd2 Kg7 24. Bh4 Qd8 25. Qf4 Bxh4 26. Nxh4 Qg5 27. Qxg5 hxg5 28. Nf3 g4 29. Ne1 Na5 30. Rf4 Nc4 31. Rxg4 Nxb2 32. Rb1 Nc4 33. Rxb7 Ne3 34. Rg3 Nxc2 35. Nxc2 Bxa4 36. Nb4 Bb5 37. Rf3 Bc4 38. Ra7 Ra8 39. Rc7 a5 40. Nc2 a4 41. Na3 Ba6 42. Rf6 Rac8 43. Ra7 Rxc3 44. Rf3 Rc6 45. h4 Be2 46. Rf2 Rc1+ 47. Kh2 Rc3 48. Rxa4 Bg4 49. Nb5 Rd3 50. Nd6 Bf5 51. Rf4 Rd2 52. Ra7 Kg8 53. Re7 Ra8 54. Nxf5 exf5 55. e6 Raa2 56. exf7+ Kf8 57. Rd7 Rxg2+ 58. Kh1 Rgd2 59. Kg1 Rd1+ 60. Rf1 Rxd4 61. Rb1 Kg7 62. f8Q+ 1-0

[Event "DEN-ch U16 rapid"]
[Site "Odense"]
[Date "2021.10.01"]
[Round "4"]
[White "Iskos, Lukas"]
[Black "Meskenas, Paulius"]
[Result "0-1"]
[WhiteElo "1900"]
[BlackElo "2044"]
[PlyCount "62"]
[EventDate "2021.10.01"]
[EventType "swiss"]
[EventRounds "5"]
[EventCountry "DEN"]
[SourceTitle "EXT 2024"]
[Source "ChessBase"]
[SourceDate "2023.10.10"]
[SourceVersion "1"]
[SourceVersionDate "2023.10.10"]
[SourceQuality "1"]

1. e4 d6 2. Nf3 g6 3. d4 Bg7 4. Be3 Nf6 5. Nc3 0-0 6. Qd2 b6 7. Bh6 Bb7 8. Bd3 Nbd7 9. h4 Bxh6 10. Qe3 Bf4 11. Qxf4 Ng4 12. Qg5 h5 13. e5 e6 14. exd6 cxd6 15. Nb5 Ndf6 16. Bxg6 fxg6 17. Qxg6+ Kh8 18. Ng5 Qe8 19. Qd3 Ba6 20. c4 Bxb5 21. cxb5 e5 22. 0-0 e4 23. Qb3 d5 24. Rae1 Qb8 25. g3 Qd6 26. Kg2 Qd7 27. f3 exf3+ 28. Qxf3 Nh7 29. Nf7+ Kg7 30. Qa3 Rxf7 31. Rxf7+ Kxf7 0-1

[Event "DEN-ch U14 rapid"]
[Site "Odense"]
[Date "2020.11.20"]
[Round "4"]
[White "Iskos, Lukas"]
[Black "Loftgaard, Mikkel Vinh"]
[Result "1/2-1/2"]
[WhiteElo "1746"]
[BlackElo "1864"]
[PlyCount "53"]
[EventDate "2020.11.20"]
[EventType "swiss"]
[EventRounds "5"]
[EventCountry "DEN"]
[SourceTitle "EXT 2024"]
[Source "ChessBase"]
[SourceDate "2023.10.10"]
[SourceVersion "1"]
[SourceVersionDate "2023.10.10"]
[SourceQuality "1"]

1. e4 c5 2. Nc3 e6 3. Nge2 Nc6 4. g3 Nf6 5. Bg2 d5 6. exd5 exd5 7. d4 cxd4 8. Nxd4 Be7 9. h3 0-0 10. 0-0 a6 11. Re1 Nxd4 12. Qxd4 Be6 13. Rd1 Rc8 14. Nxd5 Nxd5 15. Bxd5 Bxd5 16. Qxd5 Qxd5 17. Rxd5 Rxc2 18. Rd7 Bc5 19. Rd2 Rxd2 20. Bxd2 Rd8 21. Bc3 Rd3 22. Re1 h6 23. Re8+ Kh7 24. Kg2 Rd7 25. Rc8 Ba7 26. Ra8 Bc5 27. Rc8 1/2-1/2

[Event "Copenhagen GoAudit op"]
[Site "Copenhagen"]
[Date "2019.11.08"]
[Round "3"]
[White "Guindy, Esmat Susanne"]
[Black "Iskos, Lukas"]
[Result "1-0"]
[WhiteElo "2102"]
[BlackElo "1743"]
[PlyCount "69"]
[EventDate "2019.11.08"]
[EventType "swiss"]
[EventRounds "8"]
[EventCountry "DEN"]
[SourceTitle "EXT 2021"]
[Source "ChessBase"]
[SourceDate "2020.10.23"]
[SourceVersion "1"]
[SourceVersionDate "2020.10.23"]
[SourceQuality "1"]

1. d4 Nf6 2. c4 e6 3. Nf3 d5 4. Bg5 c5 5. cxd5 exd5 6. Nc3 cxd4 7. Nxd4 Nc6 8. e3 Nxd4 9. Qxd4 Be7 10. Bb5+ Bd7 11. Bxf6 Bxf6 12. Qxd5 Rc8 13. 0-0-0 Rc7 14. Bxd7+ Rxd7 15. Qe4+ Qe7 16. Rxd7 Qxe4 17. Nxe4 Kxd7 18. Nxf6+ gxf6 19. Rd1+ Ke6 20. Rd4 Rc8+ 21. Kd2 h5 22. Rh4 Rc5 23. e4 Rg5 24. g3 Rb5 25. b3 a5 26. Ke3 b6 27. Rf4 a4 28. bxa4 Ra5 29. Rf5 Rxa4 30. Rxh5 Rxa2 31. Rb5 Ra6 32. h4 Ke7 33. h5 Ra5 34. Rxa5 bxa5 35. g4 1-0

[Event "Helsingor Xtracon op"]
[Site "Helsingor"]
[Date "2019.07.28"]
[Round "10"]
[White "Jorgensen, Alexander Torp"]
[Black "Iskos, Lukas"]
[Result "1/2-1/2"]
[WhiteElo "1863"]
[BlackElo "1622"]
[PlyCount "98"]
[EventDate "2019.07.20"]
[EventType "swiss"]
[EventRounds "10"]
[EventCountry "DEN"]
[SourceTitle "CBM 191 Extra"]
[Source "ChessBase"]
[SourceDate "2019.09.30"]
[SourceVersion "1"]
[SourceVersionDate "2019.09.30"]
[SourceQuality "1"]

1. c4 e5 2. Nc3 Nf6 3. Nf3 Nc6 4. e3 Bb4 5. Qc2 0-0 6. a3 Bxc3 7. bxc3 d6 8. e4 Re8 9. Be2 Bg4 10. d3 Ne7 11. h3 Bh5 12. Bg5 Bxf3 13. Bxf3 Ng6 14. g3 h6 15. Be3 c5 16. 0-0 Qd7 17. Bg2 h5 18. f4 exf4 19. gxf4 Nh4 20. f5 Nxg2 21. Qxg2 Kh8 22. Qf3 Rg8 23. Bg5 Qe7 24. Kh1 Qe5 25. Bxf6 Qxf6 26. Qxh5+ Qh6 27. Qxh6+ gxh6 28. Rg1 h5 29. h4 Kh7 30. Rxg8 Rxg8 31. Rg1 Rg4 32. Rxg4 hxg4 33. Kg2 Kh6 34. Kg3 Kh5 35. d4 f6 36. a4 cxd4 37. cxd4 b6 38. e5 fxe5 39. dxe5 dxe5 40. f6 Kg6 41. f7 Kxf7 42. Kxg4 Kg6 43. h5+ Kh6 44. Kf5 Kxh5 45. Kxe5 Kg5 46. Kd5 Kf5 47. Kc6 Ke5 48. Kb7 Kd6 49. Kxa7 Kc7 1/2-1/2

[Event "Helsingor Xtracon op"]
[Site "Helsingor"]
[Date "2019.07.25"]
[Round "7"]
[White "Iskos, Lukas"]
[Black "Henningsen, Lasse"]
[Result "0-1"]
[WhiteElo "1622"]
[BlackElo "1963"]
[PlyCount "48"]
[EventDate "2019.07.20"]
[EventType "swiss"]
[EventRounds "10"]
[EventCountry "DEN"]
[SourceTitle "CBM 191 Extra"]
[Source "ChessBase"]
[SourceDate "2019.09.30"]
[SourceVersion "1"]
[SourceVersionDate "2019.09.30"]
[SourceQuality "1"]

1. e4 e5 2. Nf3 Nc6 3. Bc4 Nf6 4. 0-0 Bc5 5. d3 d6 6. h3 h6 7. c3 a6 8. d4 exd4 9. cxd4 Bb6 10. Re1 0-0 11. Nc3 Re8 12. Bf4 Ne7 13. Qb3 Rf8 14. e5 Ne8 15. exd6 Nxd6 16. Bxd6 Qxd6 17. Ne4 Qf4 18. Ng3 Ng6 19. Nh5 Qd6 20. Bxf7+ Rxf7 21. Re8+ Nf8 22. Ne5 Be6 23. d5 Rxe8 24. dxe6 Rxf2 0-1

[Event "Helsingor Xtracon op"]
[Site "Helsingor"]
[Date "2019.07.23"]
[Round "5"]
[White "Iskos, Lukas"]
[Black "Magnussen, Pal"]
[Result "1/2-1/2"]
[WhiteElo "1622"]
[BlackElo "1985"]
[PlyCount "78"]
[EventDate "2019.07.20"]
[EventType "swiss"]
[EventRounds "10"]
[EventCountry "DEN"]
[SourceTitle "CBM 191 Extra"]
[Source "ChessBase"]
[SourceDate "2019.09.30"]
[SourceVersion "1"]
[SourceVersionDate "2019.09.30"]
[SourceQuality "1"]

1. e4 e5 2. Nf3 Nc6 3. Bc4 Bc5 4. 0-0 Nf6 5. d4 Bxd4 6. Nxd4 Nxd4 7. f4 Nc6 8. Bxf7+ Kf8 9. fxe5 Nxe5 10. Bb3 d6 11. Bf4 Qe7 12. Bg5 Bg4 13. Qd2 Ned7 14. Nc3 c6 15. h3 Be6 16. Rad1 Bxb3 17. axb3 Rd8 18. Qxd6 Qxd6 19. Rxd6 Ke7 20. e5 Nxe5 21. Rdxf6 gxf6 22. Bxf6+ Ke6 23. Bxh8 Rxh8 24. Ne4 Kd5 25. Ng5 h6 26. Nf7 Rh7 27. Nxe5 Kxe5 28. Kf2 Rg7 29. Re1+ Kf4 30. Re6 h5 31. Rf6+ Kg5 32. Rf8 h4 33. g3 hxg3+ 34. Kxg3 Rh7 35. h4+ Kh6 36. Rf6+ Kh5 37. Rf5+ Kh6 38. h5 Rd7 39. Kf3 Rd2 1/2-1/2